00433nam a2200121Ia 4500082002100000100002400021245012400045260003700169300001800206504001400224650003700238650003600275 aRR 491.2321 SAN- aWilliams, Monier M; 0aSanskrit-English dictionary: etymologically and philological arranged with reference to Cognate Indo-European languages aDelhibMotilal Banarsidassc1976 axxxiv, 1333p. aRef. book aSanskrit language - Dictionaries aEnglish language - Dictionaries